000 00440nam a2200145Ia 4500
005 20260430133750.0
008 260429s9999||||xx |||||||||||||| ||und||
020 _a9780132958417
082 _a006.33
_bMAR
100 _aMarcellus, Daniel H.
245 0 _aexpert systems programming in turbo prolog /
_cDaniel H. Marcellus
260 _aEnglewood Cliffs, New Jersey, USA :
_bPrentice Hall,
_c1989.
300 _ax, 227 p.; hb
942 _cTB
999 _c53889
_d53889